| 000 | 01078nam a2200313 a 4500 | ||
|---|---|---|---|
| 008 | |||
| 020 | _a0471928909 (pbk.) | ||
| 049 | _aMAIN | ||
| 090 | 0 |
_aRM332 _bFEI |
|
| 100 | 1 | _aFeighner, John Preston. | |
| 245 | 1 | 0 |
_aSelective serotonin re-uptake inhibitors: _bthe clinical use of citalopram, fluoxetine, fluvoxamine, paroxetine and sertraline / _cJ.P. Feighner and W.F. Boyer. |
| 260 |
_aChichester : _bWiley, _c1991. |
||
| 300 |
_a168 p. : _bill. (some col.) ; _c24 cm. |
||
| 440 |
_aPerspectives in psychiatry ; _vv. 1. |
||
| 500 | _aIncludes index | ||
| 504 | _aIncludes bibliographical references. | ||
| 650 | 0 | _aAntidepressants. | |
| 650 | 0 |
_aSerotonin _xAgonists. |
|
| 650 | 0 | _aSerotoninergic mechanisms. | |
| 650 | 2 |
_aDepression _xdrug therapy. |
|
| 650 | 2 |
_aDepressive Disorder _xdrug therapy. |
|
| 650 | 2 |
_aSerotonin Antagonists _xtherapeutic use. |
|
| 700 | 1 | _aBoyer, W. F. | |
| 907 |
_a.b10162021 _b18-07-12 _c29-04-05 |
||
| 003 | |||
| 005 | 20230120203852.0 | ||
| 040 | _cNUST | ||
| 942 |
_cBOOKS _kRM332 _mFEI |
||
| 999 |
_c112929 _d112929 |
||